000 00427nam a2200169Ia 4500
008 230711s9999||||xx |||||||||||||| ||und||
041 _aENG
082 _a621.8
_bSH-T
100 _aSharma,C.S
245 0 _aTheory of mechanisms and machines
250 _a1st Ed.
260 _c2006
_aNew Delhi
_bPHI Learning Private Limited
300 _a706
650 _aMechanical Engineering
700 _aPurohit,Kamlesh
942 _cBK
999 _c5011
_d5011